000 01158nam a2200313 a 4500
001 ebr10303192
003 CaPaEBR
006 m u
007 cr cn|||||||||
008 091015s2009 ctua s 000 0 eng d
020 _z9781935212034
020 _z9781935212041
020 _z1935212036
040 _aCaPaEBR
_cCaPaEBR
035 _a(OCoLC)506254924
050 1 4 _aHB615
_b.N38 2009eb
100 1 _aNathan, Raj.
245 1 4 _aThe new data imperative
_h[electronic resource] :
_bmanaging real-time risk in capital markets /
_cRaj Nathan, Irfan Khan, Sinan Baskan.
260 _aWestport, Conn. :
_bEaston Studio Press,
_cc2009.
300 _a115 p. :
_bill.
533 _aElectronic reproduction.
_bPalo Alto, Calif. :
_cebrary,
_d2009.
_nAvailable via World Wide Web.
_nAccess may be limited to ebrary affiliated libraries.
650 0 _aRisk.
650 0 _aCapital market.
655 7 _aElectronic books.
_2local
700 1 _aKhan, Irfan.
700 1 _aBaskan, Sinan.
710 2 _aebrary, Inc.
856 4 0 _uhttp://site.ebrary.com/lib/rucke/Doc?id=10303192
_zAn electronic book accessible through the World Wide Web; click to view
999 _c69811
_d69811